Giáo trình kỹ thuật điện

Tallennettuna:
Bibliografiset tiedot
Aineistotyyppi: Sách
Kieli:Undetermined
Julkaistu:  Xây dựng  2010
Aiheet:
Tagit: Lisää tagi
Ei tageja, Lisää ensimmäinen tagi!
Thư viện lưu trữ: Trung tâm Thư viện - Trường Đại học Công nghiệp TP. Hồ Chí Minh
LEADER 00420nam a2200133Ia 4500
001 UIH_07800
008 231011s9999 xx 000 0 und d
082 |a  621.31 
245 0 |a  Giáo trình kỹ thuật điện 
260 |b  Xây dựng 
260 |c  2010 
650 |a  Kĩ thuật điện;  
927 |a Sách 
980 |a Trung tâm Thư viện - Trường Đại học Công nghiệp TP. Hồ Chí Minh